000 00760nam a2200205Ia 4500
999 _c40153
_d40153
001 6759
003 GE_BSU
005 20191128111252.0
008 181216s1933||||ge |||||||||||||| ||geo||
040 _cGE_BSU
041 _ageo
080 _a821.353.1-4 გ-19
100 _aგამსახურდია, კონსტანტინე.
_91395
245 _aუკრაინის თემიდი :
_bნარკვევები /
_cკონსტანტინე გამსახურდია.
264 _aტფილისი :
_bფედერაცია,
_c1933.
300 _a122 გვ. ;
_c15 სმ.
653 _aნარკვევები
653 _aუკრაინის თემიდი
942 _cBK
_2udc